000 00476cam a2200193ua 4500
001 4132
005 20260515113805.0
008 111219n ii |||gr||||Z||||||asm
040 _cMAIN
082 _a891.4513
100 1 _aShilvadra,
245 1 1 _aBishakh aru anyanya golpa
_cby. Shilvadra
250 _a1st.
260 _aGuwahati:
_bBaruah agency,993.
300 _a116p:
_c23cm.
653 _aAssamese short stories
653 _aBishakh aru anyanya golpa
942 _cBK
999 _c3951
_d3951